Entornos de aprendizaje con ordenadores: una reflexión sobre las teorías del aprendizaje y la educación

La aparición de los computadores ha dado lugar a toda una serie de nuevos planteamientos en torno a la educación, en esta publicación se muestran diversos puntos de vista acerca de la importancia de los computadores en el proceso educativo.

Gespeichert in:
Bibliographische Detailangaben
1. Verfasser: Solomon, Cynthia
Format: Buch
Sprache:Spanish
Veröffentlicht: Barcelona: Ediciones Paidós, 1987
Schriftenreihe:Temas de educación Paidos; No. 3
Schlagworte:
Online Zugang:Enlace del recurso
Tags: Tag hinzufügen
Keine Tags, Fügen Sie den ersten Tag hinzu!

MARC

LEADER 00000nam a2200000 a 4500
001 001227
008 030707s1997 sp a fr# #001|0#spa#d
020 |a 84-7509-443-0 
041 0 |a spa 
043 |a e-sp--- 
082 0 4 |a 371.334  |b S545e 
100 1 |a Solomon, Cynthia 
245 1 0 |a Entornos de aprendizaje con ordenadores:  |b una reflexión sobre las teorías del aprendizaje y la educación   |c Cynthia Solomon 
260 |a Barcelona:  |b Ediciones Paidós,  |c 1987 
300 |a 205 p.:  |b il., gráf. 
440 0 |a Temas de educación Paidos;  |v No. 3 
504 |a Incluye bibliografía e índice. 
520 3 |a La aparición de los computadores ha dado lugar a toda una serie de nuevos planteamientos en torno a la educación, en esta publicación se muestran diversos puntos de vista acerca de la importancia de los computadores en el proceso educativo. 
534 |p Título original:  |t Computer environments for children 
650 1 4 |a ENSEÑANZA CON AYUDA DE COMPUTADORES 
650 1 4 |a TECNOLOGÍA EDUCATIVA 
999 |c 3379  |d 3379 
856 |u https://catalogo.idep.edu.co/cgi-bin/koha/opac-detail.pl?biblionumber=3379  |z Enlace del recurso